Policy for the West
সংরক্ষণ করুন:
| প্রধান লেখক: | |
|---|---|
| বিন্যাস: | গ্রন্থ |
| ভাষা: | Undetermined |
| প্রকাশিত: |
New York
W. W. Norton & Company, Inc.
1951
|
| বিষয়গুলি: | |
| ট্যাগগুলো: |
ট্যাগ যুক্ত করুন
কোনো ট্যাগ নেই, প্রথমজন হিসাবে ট্যাগ করুন!
|
| Thư viện lưu trữ: | Trung tâm Học liệu Trường Đại học Cần Thơ |
|---|
| LEADER | 00523nam a2200193Ia 4500 | ||
|---|---|---|---|
| 001 | CTU_78211 | ||
| 008 | 210402s9999 xx 000 0 und d | ||
| 082 | |a 940.55 | ||
| 082 | |b W256 | ||
| 100 | |a Ward, Barbara | ||
| 245 | 0 | |a Policy for the West | |
| 245 | 0 | |c Barbara Ward | |
| 260 | |a New York | ||
| 260 | |b W. W. Norton & Company, Inc. | ||
| 260 | |c 1951 | ||
| 650 | |a World politics,International organization | ||
| 650 | |y 1945-1955 | ||
| 904 | |i Mai Loan | ||
| 980 | |a Trung tâm Học liệu Trường Đại học Cần Thơ | ||